00643nam a2200193Ia 4500008004100000020001300041082001400054100001700068245005400085250000700139260004400146300002900190500001900219600002100238650005000259942000700309952011600316999001700432240925s9999 xx 000 0 und d a47142901 a005.1 BRA aBraude, Eric 0aSoftware Design: from programming to architecture aNA aNew Jersey:bJohn wiley & Sonsc,2004. axii,393p.bN.AfOriginal aIncludes Index aComputer Science aComputer science, information & general works cBK 001040708SEaUITUbUITUd2010-09-08eF.B.Cg520.00l0o005.1 BRApQ8403r2024-09-25 07:14:56w2024-09-25yBK c10902d10902